| 000 | 01531nam a22002537a 4500 | ||
|---|---|---|---|
| 001 | 6127 | ||
| 003 | FISKH | ||
| 005 | 20250317135725.0 | ||
| 008 | 250317b cb ||||| |||| 00| 0 eng d | ||
| 040 |
_aFISKH _bKhmer _cFISKH _dFISKH |
||
| 050 | _aPZ7 | ||
| 082 | _a390 | ||
| 100 | _aChanmol, Pun | ||
| 245 |
_aចរិតខ្មែរ : _bកើត រស់ ស្លាប់ ដើម្បីខ្មែរ / _cប៊ុណ្ណ ចន្ទម៉ុល |
||
| 250 | _aបោះពុម្ពលើកទី ១ | ||
| 260 |
_aPhnom Penh : _bHem Cheav Street ; _c1973. |
||
| 300 |
_a149 pages : _billustrations ; _c20 cm . |
||
| 520 | _aចរិតខ្មែរស្តាប់ទៅដូចជាអ្នកនិពន្ធមានគំនិតចង់រិះគន់បន្តុះបង្អាប់ខ្មែរតែតាមពិតគីនិយាយចង់អោយឃើញនូវទិដ្ធិមានះ រើសអើងរបស់ខ្មែរមួយផ្នែក ដែលបណ្តាលអោយកើតផលអាក្រក់ដល់សង្គមនិងបក្ស ។ | ||
| 520 | _aKhmer character sounds like the author wants to criticize and humiliate Khmer people, but in reality, he wants to show the prejudice and discrimination of some Khmer people, which causes bad consequences for society and the party. | ||
| 650 | _aចរិតខ្មែរ | ||
| 650 | _aKhmer character | ||
| 942 |
_2ddc _cBK _n0 |
||
| 999 |
_c6127 _d6127 |
||